[Event "White Rock Semiahmoo op"]
[Site "White Rock"]
[Date "2017.08.06"]
[Round "3.2"]
[White "Hartman, Brian"]
[Black "Doknjas, Joshua"]
[Result "0-1"]
[WhiteElo "2438"]
[BlackElo "2203"]
[PlyCount "36"]
[EventDate "2017.08.05"]
[EventType "swiss"]
[EventRounds "6"]
[EventCountry "CAN"]
[SourceTitle "EXT 2022"]
[Source "ChessBase"]
[SourceDate "2021.10.06"]
[SourceVersion "1"]
[SourceVersionDate "2021.10.06"]
[SourceQuality "1"]

1. e4 c5 2. Nc3 a6 3. f4 b5 4. Nf3 Bb7 5. d3 e6 6. Be2 d5 7. e5 Nc6 8. 0-0 h5 9. f5 exf5 10. Ng5 Nd4 11. Bxh5 g6 12. e6 Nxe6 13. Nxe6 fxe6 14. Bxg6+ Kd7 15. Bf4 d4 16. Nb1 Nf6 17. g3 Ng4 18. Nd2 Qf6 0-1

[Event "Ottawa National Capital op"]
[Site "Ottawa"]
[Date "2010.11.13"]
[Round "2"]
[White "Hartman, Brian"]
[Black "Qin, Zi Yi"]
[Result "1-0"]
[WhiteElo "2450"]
[BlackElo "2358"]
[PlyCount "71"]
[EventDate "2010.11.12"]
[EventType "swiss"]
[EventRounds "5"]
[EventCountry "CAN"]
[SourceTitle "EXT 2022"]
[Source "ChessBase"]
[SourceDate "2021.10.06"]
[SourceVersion "1"]
[SourceVersionDate "2021.10.06"]
[SourceQuality "1"]

1. d4 Nf6 2. Nf3 g6 3. Bg5 Bg7 4. e3 d6 5. Be2 0-0 6. 0-0 Nbd7 7. c4 e5 8. Nc3 Re8 9. Qc2 c6 10. Rad1 Qc7 11. h3 Nf8 12. dxe5 dxe5 13. Nd2 Ne6 14. Bh4 Nc5 15. b4 Na6 16. a3 Bf5 17. Bd3 Qc8 18. Bxf5 gxf5 19. Ne2 c5 20. b5 Nc7 21. Ng3 e4 22. Nb3 Re5 23. Ne2 Nh5 24. Rd8+ Qxd8 25. Bxd8 Rxd8 26. Rd1 Rde8 27. Na5 Ne6 28. Rd5 Re7 29. Qd1 f4 30. Nc3 fxe3 31. fxe3 Ng3 32. Qg4 f5 33. Qxg3 Rxd5 34. Nxd5 Rf7 35. Qb8+ Rf8 36. Qd6 1-0

[Event "Ottawa RA Fall op"]
[Site "Ottawa"]
[Date "2010.09.24"]
[Round "1"]
[White "Hartman, Brian"]
[Black "Henry, Liam"]
[Result "1-0"]
[WhiteElo "2450"]
[BlackElo "2292"]
[PlyCount "81"]
[EventDate "2010.09.24"]
[EventType "swiss"]
[EventRounds "5"]
[EventCountry "CAN"]
[SourceTitle "EXT 2022"]
[Source "ChessBase"]
[SourceDate "2021.10.06"]
[SourceVersion "1"]
[SourceVersionDate "2021.10.06"]
[SourceQuality "1"]

1. e4 c5 2. Nf3 d6 3. d4 cxd4 4. Nxd4 Nf6 5. Nc3 a6 6. Bc4 e6 7. Bb3 b5 8. 0-0 Be7 9. f4 Bb7 10. Be3 0-0 11. e5 dxe5 12. fxe5 Nd5 13. Nxd5 Bxd5 14. Bxd5 Qxd5 15. Nf5 Qd8 16. Qf3 Nd7 17. Rad1 Bg5 18. Bxg5 Qxg5 19. Rxd7 exf5 20. Qxf5 Qxf5 21. Rxf5 Rac8 22. c3 Rc5 23. Re7 b4 24. cxb4 Rc2 25. Ra7 Rxb2 26. a3 h6 27. h3 Ra2 28. Rf3 Re2 29. Rxa6 Rc8 30. b5 Rcc2 31. Rg3 h5 32. b6 Rc1+ 33. Kh2 Ree1 34. Rg5 g6 35. h4 Rh1+ 36. Kg3 Rc3+ 37. Kf2 Rb1 38. a4 Rc4 39. e6 f6 40. Rb5 Rxa4 41. Rxb1 1-0

[Event "Kitchener Oktoberfest op"]
[Site "Kitchener"]
[Date "2008.10.19"]
[Round "4"]
[White "Plotkin, Victor"]
[Black "Hartman, Brian"]
[Result "1/2-1/2"]
[WhiteElo "2304"]
[BlackElo "2440"]
[PlyCount "129"]
[EventDate "2008.10.17"]
[EventType "swiss"]
[EventRounds "5"]
[EventCountry "CAN"]
[SourceTitle "EXT 2011"]
[Source "ChessBase"]
[SourceDate "2010.11.26"]
[SourceVersion "1"]
[SourceVersionDate "2010.11.26"]
[SourceQuality "1"]

1. e4 e5 2. Nf3 Nc6 3. Bc4 Nf6 4. d3 Be7 5. 0-0 0-0 6. Re1 d6 7. c3 a6 8. Bb3 Bg4 9. h3 Bh5 10. Nbd2 Nd7 11. Nf1 Nc5 12. Bc2 Ne6 13. Ng3 Bxf3 14. Qxf3 g6 15. Bh6 Re8 16. Qg4 Bg5 17. Bxg5 Qxg5 18. Qxg5 Nxg5 19. Nf1 Ne6 20. Ne3 Kg7 21. g3 Rf8 22. Nd5 Rae8 23. f4 Ne7 24. Nxe7 Rxe7 25. Rf1 f6 26. Rad1 exf4 27. gxf4 g5 28. fxg5 fxg5 29. Rxf8 Nxf8 30. Rf1 Ng6 31. d4 h6 32. Kh2 Re6 33. b4 Nf4 34. a4 Ne2 35. Bd3 Nf4 36. Bc2 c6 37. Rf2 Re7 38. a5 Re8 39. h4 Rf8 40. hxg5 hxg5 41. Kg3 Rh8 42. e5 dxe5 43. dxe5 Re8 44. Rxf4 gxf4+ 45. Kxf4 Rh8 46. Bf5 Kf7 47. Ke4 Ke7 48. Kd4 Kd8 49. c4 Kc7 50. Ke4 Rh4+ 51. Kd3 Rf4 52. Be4 Rf1 53. Kd4 Rf2 54. Kc5 Rd2 55. Bf3 Rb2 56. Bh1 Kd7 57. Bf3 Rf2 58. Bg4+ Kc7 59. Bh3 Rf4 60. Bg2 Rg4 61. Bf3 Rg5 62. Kd4 Kd7 63. b5 axb5 64. cxb5 cxb5 65. Bxb7 1/2-1/2

[Event "Kitchener Oktoberfest op"]
[Site "Kitchener"]
[Date "2008.10.17"]
[Round "1"]
[White "Hartman, Brian"]
[Black "Olheiser, Gordon"]
[Result "1-0"]
[WhiteElo "2440"]
[BlackElo "2081"]
[PlyCount "59"]
[EventDate "2008.10.17"]
[EventType "swiss"]
[EventRounds "5"]
[EventCountry "CAN"]
[SourceTitle "EXT 2011"]
[Source "ChessBase"]
[SourceDate "2010.11.26"]
[SourceVersion "1"]
[SourceVersionDate "2010.11.26"]
[SourceQuality "1"]

1. e4 g6 2. d4 Bg7 3. Nf3 d6 4. Bc4 e6 5. Bb3 Ne7 6. Be3 Nd7 7. Nbd2 b6 8. h4 Nf6 9. Qe2 Bb7 10. Bg5 h6 11. Bf4 a6 12. a4 Qd7 13. c3 Kf8 14. Bc2 Kg8 15. Nf1 Re8 16. Bd3 Qc8 17. Ng3 Qa8 18. Nd2 Nd7 19. Be3 f5 20. h5 e5 21. dxe5 Nxe5 22. hxg6 fxe4 23. Bxe4 d5 24. Bc2 c5 25. 0-0-0 d4 26. cxd4 cxd4 27. Bxd4 N7c6 28. Bb3+ Kf8 29. Bxb6 Nb4 30. Bc5+ 1-0

[Event "Internet op"]
[Site "Internet"]
[Date "2004.01.31"]
[Round "?"]
[White "Hartman, Brian"]
[Black "Roiz, Michael"]
[Result "0-1"]
[WhiteElo "2405"]
[BlackElo "2544"]
[PlyCount "86"]
[EventDate "2004.01.??"]
[EventType "swiss"]
[EventRounds "15"]
[EventCountry "NET"]
[SourceTitle "EXT 2005"]
[Source "ChessBase"]
[SourceDate "2004.11.15"]
[SourceVersion "1"]
[SourceVersionDate "2004.11.15"]
[SourceQuality "1"]

1. e4 c5 2. Nf3 d6 3. d4 cxd4 4. Nxd4 Nf6 5. Nc3 Nc6 6. Be3 e6 7. Bc4 a6 8. Qe2 Qc7 9. 0-0-0 Na5 10. Bd3 b5 11. f4 Bb7 12. e5 dxe5 13. Bxb5+ axb5 14. Ndxb5 Qb8 15. fxe5 Nd5 16. Ne4 Qxe5 17. Bd4 Qf4+ 18. Kb1 Nc6 19. Rhf1 Nxd4 20. Rxd4 Qe5 21. Qf2 f5 22. Rxd5 Bxd5 23. Nec3 Bc5 24. Qh4 0-0 25. Re1 Qf6 26. Qg3 Rad8 27. a3 f4 28. Qh3 Be3 29. Nxd5 Rxd5 30. Nc3 Rb8 31. Rxe3 fxe3 32. Qxe3 Rd6 33. Qg3 Qd4 34. b4 Rdb6 35. Kb2 Qf6 36. Kb3 Rc8 37. Ne4 Qd4 38. Qf3 Qc4+ 39. Kb2 Qxc2+ 40. Ka1 Qc1+ 41. Ka2 Qc2+ 42. Ka1 Rd8 43. Nf2 Rbd6 0-1

[Event "Oz.com qual blitz"]
[Site "ICC INT"]
[Date "2000.03.05"]
[Round "3"]
[White "Hartman, Brian"]
[Black "Dautov, Rustem"]
[Result "0-1"]
[WhiteElo "2405"]
[BlackElo "2602"]
[PlyCount "76"]
[EventDate "2000.03.05"]
[EventType "swiss (blitz)"]
[EventRounds "9"]
[EventCountry "USA"]
[SourceTitle "EXT 2001"]
[Source "ChessBase"]
[SourceDate "2000.11.22"]
[SourceVersion "1"]
[SourceVersionDate "2000.11.22"]
[SourceQuality "1"]

1. e4 c6 2. d4 d5 3. exd5 cxd5 4. Bd3 Nc6 5. c3 Nf6 6. Bg5 Bg4 7. Qb3 Qd7 8. Nd2 e6 9. Ngf3 Bxf3 10. Nxf3 Bd6 11. 0-0 0-0 12. Rad1 Qc7 13. Rfe1 Nd7 14. Bh4 Rae8 15. Bg3 Bxg3 16. hxg3 a6 17. Qc2 h6 18. a4 Na5 19. Qe2 Nc4 20. Bxc4 Qxc4 21. Qxc4 dxc4 22. Ne5 Nxe5 23. Rxe5 b6 24. a5 b5 25. Rc5 Rc8 26. Kf1 Rfd8 27. Rxc8 Rxc8 28. Ke2 Kf8 29. d5 Ke7 30. dxe6 Kxe6 31. Rd4 Rc5 32. f4 Rd5 33. Ke3 f5 34. Rxd5 Kxd5 35. Kf3 h5 36. Ke2 Ke4 37. Kd2 h4 38. gxh4 Kxf4 0-1

[Event "Oz.com qual blitz"]
[Site "ICC INT"]
[Date "2000.03.05"]
[Round "4"]
[White "Wippermann, Till"]
[Black "Hartman, Brian"]
[Result "0-1"]
[WhiteElo "2255"]
[BlackElo "2405"]
[PlyCount "64"]
[EventDate "2000.03.05"]
[EventType "swiss (blitz)"]
[EventRounds "9"]
[EventCountry "USA"]
[SourceTitle "EXT 2001"]
[Source "ChessBase"]
[SourceDate "2000.11.22"]
[SourceVersion "1"]
[SourceVersionDate "2000.11.22"]
[SourceQuality "1"]

1. e4 c5 2. Nc3 d6 3. f4 Nc6 4. Nf3 Bg4 5. Bb5 e6 6. Bxc6+ bxc6 7. d3 g6 8. 0-0 Bg7 9. Qe1 Bxf3 10. Rxf3 Qe7 11. Be3 Rb8 12. Rb1 Nf6 13. h3 Nd7 14. b3 0-0 15. Na4 f5 16. exf5 exf5 17. Bf2 Qxe1+ 18. Rxe1 Rfe8 19. Rfe3 Rxe3 20. Rxe3 Kf7 21. Bh4 Re8 22. Rxe8 Kxe8 23. Bf2 Kd8 24. Kf1 Kc7 25. Ke2 Nb6 26. Nxb6 axb6 27. a4 b5 28. c4 bxa4 29. bxa4 Bc3 30. Be1 Bxe1 31. Kxe1 Kb6 32. Kd2 Ka5 0-1

[Event "North Bay op"]
[Site "North Bay"]
[Date "1995.??.??"]
[Round "?"]
[White "Hartman, Brian"]
[Black "Littke, Adam"]
[Result "1/2-1/2"]
[WhiteElo "2400"]
[BlackElo "2300"]
[PlyCount "68"]
[EventDate "1995.??.??"]
[EventType "swiss"]
[EventRounds "9"]
[EventCountry "CAN"]
[SourceTitle "EXT 2002"]
[Source "ChessBase"]
[SourceDate "2001.11.25"]
[SourceVersion "1"]
[SourceVersionDate "2001.11.25"]
[SourceQuality "1"]

1. e4 e5 2. Nf3 Nc6 3. Bb5 a6 4. Ba4 Nf6 5. 0-0 Be7 6. Re1 b5 7. Bb3 0-0 8. c3 d6 9. h3 h6 10. d4 Re8 11. Nbd2 Bf8 12. a3 Bb7 13. Ba2 Nb8 14. d5 c6 15. dxc6 Bxc6 16. b4 Nbd7 17. c4 Nb6 18. cxb5 axb5 19. Bb3 Qc7 20. Bb2 Qb7 21. Qe2 Rac8 22. Rad1 Na4 23. Ba1 Bd7 24. Qd3 Nh5 25. Bd5 Qa7 26. Qb3 Be6 27. Nf1 Nf4 28. Bxe6 Rxe6 29. Ne3 Nb6 30. Nd2 Ra8 31. Bb2 Na4 32. Ba1 Nb6 33. Bb2 Na4 34. Ba1 Nb6 1/2-1/2

[Event "Hamilton m"]
[Site "Hamilton"]
[Date "1993.??.??"]
[Round "2"]
[White "Spraggett, Kevin"]
[Black "Hartman, Brian"]
[Result "1-0"]
[WhiteElo "2555"]
[BlackElo "2390"]
[PlyCount "145"]
[EventDate "1993.??.??"]
[EventType "match"]
[EventRounds "4"]
[EventCountry "CAN"]
[SourceTitle "EXT 1997"]
[Source "ChessBase"]
[SourceDate "1996.11.15"]
[SourceVersion "1"]
[SourceVersionDate "1996.11.15"]
[SourceQuality "1"]

1. e4 e5 2. Bc4 Nf6 3. d3 Nc6 4. Nf3 Be7 5. 0-0 0-0 6. Bb3 d6 7. c3 Be6 8. Nbd2 Nd7 9. d4 exd4 10. cxd4 Bxb3 11. Qxb3 Bf6 12. d5 Nc5 13. Qc4 Ne5 14. Nxe5 Bxe5 15. Nf3 Bf6 16. Be3 Nd7 17. Rac1 Bxb2 18. Rb1 Ba3 19. Rxb7 Bc5 20. Rb3 Re8 21. Re1 h6 22. Bxc5 Nxc5 23. Rbe3 Qd7 24. Nd4 Qa4 25. Qxa4 Nxa4 26. Nc6 Nb6 27. g4 g6 28. Kg2 f5 29. f3 fxe4 30. fxe4 Kg7 31. h3 Nd7 32. Kg3 Kg8 33. h4 a6 34. g5 Ne5 35. Nd4 Nf7 36. Ne6 Re7 37. gxh6 Rb8 38. Rb3 Rxb3+ 39. axb3 c5 40. Ra1 Ra7 41. h5 Kh7 42. Nf8+ Kxh6 43. hxg6 Kg7 44. gxf7 Kxf8 45. Kg4 a5 46. Kf5 Kxf7 47. Ra2 Ra8 48. e5 Ke7 49. Rh2 Rf8+ 50. Ke4 dxe5 51. Kxe5 Rf7 52. Rh6 Rg7 53. Re6+ Kd7 54. Rd6+ Ke7 55. Rc6 Rg5+ 56. Ke4 Rg4+ 57. Ke5 Rg5+ 58. Ke4 Rg4+ 59. Kf5 Rb4 60. Ke5 Kd7 61. Rh6 Rxb3 62. Rh7+ Kc8 63. d6 Rd3 64. Ke6 c4 65. Rc7+ Kd8 66. Ra7 Kc8 67. d7+ Kb8 68. Rxa5 Kb7 69. Rb5+ Kc6 70. Rb8 c3 71. Rb3 Kc5 72. Rxc3+ Rxc3 73. d8Q 1-0

[Event "Canada zt"]
[Site "Canada"]
[Date "1992.??.??"]
[Round "7"]
[White "Hartman, Brian"]
[Black "Hergott, Deen"]
[Result "1/2-1/2"]
[WhiteElo "2370"]
[BlackElo "2410"]
[PlyCount "105"]
[EventDate "1992.??.??"]
[EventType "tourn"]
[EventRounds "11"]
[EventCountry "CAN"]
[EventCategory "4"]
[SourceTitle "TD"]
[Source "ChessBase"]
[SourceDate "1994.03.01"]
[SourceVersion "1"]
[SourceVersionDate "1994.03.01"]
[SourceQuality "1"]

1. d4 Nf6 2. c4 e6 3. Nf3 Bb4+ 4. Bd2 Qe7 5. g3 Nc6 6. Nc3 0-0 7. Bg2 d5 8. a3 Bxc3 9. Bxc3 Ne4 10. Qc2 a5 11. b3 Nxc3 12. Qxc3 a4 13. b4 dxc4 14. Qxc4 e5 15. dxe5 Nxe5 16. Nxe5 Qxe5 17. 0-0 c6 18. Qe4 Qxe4 19. Bxe4 Be6 20. Rfd1 Rfd8 21. Rac1 Bb3 22. Rxd8+ Rxd8 23. Bd3 Kf8 24. f4 Ke7 25. Kf2 Kd6 26. Rc3 h6 27. Bf5 b6 28. Rd3+ Kc7 29. Rxd8 Kxd8 30. Ke3 Kc7 31. Kd4 Kd6 32. e4 f6 33. Bg6 Ke7 34. e5 fxe5+ 35. Kxe5 c5 36. bxc5 bxc5 37. h4 Ba2 38. Be4 Bb3 39. Bd5 Kd7 40. Bf3 Ke7 41. Bc6 Kf7 42. Bb5 Ke7 43. Bc6 Kf7 44. Bd5+ Ke7 45. g4 Kd7 46. g5 Ke7 47. Ke4 Bc2+ 48. Ke3 Kd6 49. Bc4 Bg6 50. Bb5 Bc2 51. Kd2 Bb3 52. Kc3 hxg5 53. hxg5 1/2-1/2

[Event "Canada zt"]
[Site "Canada"]
[Date "1989.??.??"]
[Round "?"]
[White "Basanta, Gary"]
[Black "Hartman, Brian"]
[Result "1-0"]
[WhiteElo "2260"]
[BlackElo "2345"]
[PlyCount "109"]
[EventDate "1989.??.??"]
[EventType "tourn"]
[EventRounds "15"]
[EventCountry "CAN"]
[EventCategory "4"]
[SourceTitle "EXT 1997"]
[Source "ChessBase"]
[SourceDate "1996.11.15"]
[SourceVersion "1"]
[SourceVersionDate "1996.11.15"]
[SourceQuality "1"]

1. e4 e5 2. Nf3 Nc6 3. Bc4 Nf6 4. Ng5 d5 5. exd5 Na5 6. Bb5+ Bd7 7. Qe2 Be7 8. Bxd7+ Nxd7 9. Nf3 0-0 10. d3 c6 11. Nc3 Bb4 12. dxc6 Nxc6 13. 0-0 Rc8 14. Nd5 Bd6 15. c3 f5 16. d4 e4 17. Ng5 Nf6 18. Nxf6+ Qxf6 19. f3 h6 20. Nh3 Rce8 21. fxe4 Rxe4 22. Qxe4 fxe4 23. Rxf6 Rxf6 24. Bd2 g5 25. g3 Na5 26. b3 Rf3 27. Re1 Rd3 28. Re2 e3 29. Bxe3 Rxc3 30. Nf2 Nc6 31. Ne4 Rxe3 32. Rxe3 Bc7 33. Nc5 Nxd4 34. Rd3 Bb6 35. b4 Nc6 36. a3 a5 37. Kg2 axb4 38. axb4 Nxb4 39. Rc3 Nd5 40. Rc1 g4 41. h3 Ne3+ 42. Kf2 Nd1+ 43. Rxd1 Bxc5+ 44. Kg2 gxh3+ 45. Kxh3 Kf7 46. Rd7+ Kg6 47. Rxb7 Be3 48. Rb3 Bg5 49. Rb6+ Kf5 50. Rb5+ Ke4 51. Kg4 Bd2 52. Rb2 Kd3 53. Kh5 Be3 54. g4 Bf4 55. Rb6 1-0

[Event "Canada zt"]
[Site "Canada"]
[Date "1989.??.??"]
[Round "?"]
[White "Hartman, Brian"]
[Black "Hamilton, Robert"]
[Result "1/2-1/2"]
[WhiteElo "2345"]
[BlackElo "2300"]
[PlyCount "29"]
[EventDate "1989.??.??"]
[EventType "tourn"]
[EventRounds "15"]
[EventCountry "CAN"]
[EventCategory "4"]
[SourceTitle "EXT 1997"]
[Source "ChessBase"]
[SourceDate "1996.11.15"]
[SourceVersion "1"]
[SourceVersionDate "1996.11.15"]
[SourceQuality "1"]

1. e4 e6 2. d4 d5 3. Nd2 Nf6 4. e5 Nfd7 5. Ngf3 c5 6. c3 b6 7. Qa4 a5 8. h4 Be7 9. h5 0-0 10. Bd3 Ba6 11. Bxa6 Rxa6 12. 0-0 Qe8 13. Qc2 f5 14. exf6 Rxf6 15. g4 1/2-1/2

[Event "Canada zt"]
[Site "Canada"]
[Date "1989.??.??"]
[Round "?"]
[White "Hartman, Brian"]
[Black "Stone, Raymond"]
[Result "1-0"]
[WhiteElo "2345"]
[BlackElo "2345"]
[PlyCount "89"]
[EventDate "1989.??.??"]
[EventType "tourn"]
[EventRounds "15"]
[EventCountry "CAN"]
[EventCategory "4"]
[SourceTitle "EXT 1997"]
[Source "ChessBase"]
[SourceDate "1996.11.15"]
[SourceVersion "1"]
[SourceVersionDate "1996.11.15"]
[SourceQuality "1"]

1. e4 c5 2. Nf3 e6 3. d4 cxd4 4. Nxd4 Nc6 5. Nc3 Qc7 6. Be2 a6 7. Be3 Nf6 8. 0-0 Bb4 9. Nxc6 bxc6 10. Qd4 c5 11. Qc4 Bb7 12. f3 0-0 13. a3 d5 14. exd5 Bxc3 15. d6 Qxd6 16. Qxc3 Nd5 17. Qd2 Qb6 18. b4 Nxe3 19. Qxe3 Rac8 20. Rab1 Ba8 21. Rfd1 Qc6 22. b5 axb5 23. Bxb5 Qc7 24. Rd7 Qa5 25. h3 Rc7 26. Rd6 Bb7 27. a4 h6 28. Rbd1 Qb4 29. Qe5 Rcc8 30. c4 Qa5 31. Qe1 Qxe1+ 32. Rxe1 Ra8 33. Rb6 Ra7 34. Rd1 Ba8 35. Kf2 Rc8 36. Ba6 Rcc7 37. Rd8+ Kh7 38. Ke3 Bc6 39. Bb5 Bxb5 40. axb5 Ra3+ 41. Rd3 Ra8 42. Ra6 Rxa6 43. bxa6 Ra7 44. Rd6 g5 45. Ke4 1-0

[Event "Canada zt"]
[Site "Canada"]
[Date "1989.??.??"]
[Round "?"]
[White "O'Donnell, Tom"]
[Black "Hartman, Brian"]
[Result "0-1"]
[WhiteElo "2395"]
[BlackElo "2345"]
[PlyCount "80"]
[EventDate "1989.??.??"]
[EventType "tourn"]
[EventRounds "15"]
[EventCountry "CAN"]
[EventCategory "4"]
[SourceTitle "EXT 1997"]
[Source "ChessBase"]
[SourceDate "1996.11.15"]
[SourceVersion "1"]
[SourceVersionDate "1996.11.15"]
[SourceQuality "1"]

1. e4 e5 2. Nf3 Nc6 3. Bb5 Nf6 4. 0-0 Bc5 5. Nxe5 Nxe5 6. d4 a6 7. Be2 Be7 8. dxe5 Nxe4 9. Qd5 Nc5 10. Be3 d6 11. exd6 Bxd6 12. Nc3 Qh4 13. g3 Qe7 14. Qg2 0-0 15. Rad1 Bf5 16. Bf3 c6 17. Rd2 Be5 18. Re2 Ne6 19. h4 h6 20. Nd1 Qf6 21. b3 Rfe8 22. Rfe1 Bd6 23. Be4 Bg4 24. f3 Bf5 25. Nf2 Bb4 26. Rd1 Rad8 27. Rxd8 Rxd8 28. Bxf5 Qxf5 29. Nd3 Bc3 30. Kh2 g5 31. hxg5 hxg5 32. g4 Qf6 33. Kg1 Bd4 34. Qf2 Kg7 35. Kf1 Rh8 36. Bxd4 Nxd4 37. Re3 Rh3 38. Ne1 Qh6 39. Qd2 Rh1+ 40. Kf2 Qh4+ 0-1

[Event "Canada zt"]
[Site "Canada"]
[Date "1989.??.??"]
[Round "?"]
[White "Southam, David"]
[Black "Hartman, Brian"]
[Result "0-1"]
[WhiteElo "2255"]
[BlackElo "2345"]
[PlyCount "56"]
[EventDate "1989.??.??"]
[EventType "tourn"]
[EventRounds "15"]
[EventCountry "CAN"]
[EventCategory "4"]
[SourceTitle "EXT 1997"]
[Source "ChessBase"]
[SourceDate "1996.11.15"]
[SourceVersion "1"]
[SourceVersionDate "1996.11.15"]
[SourceQuality "1"]

1. e4 e5 2. Nf3 Nc6 3. Bb5 a6 4. Ba4 Nf6 5. 0-0 Be7 6. Re1 b5 7. Bb3 0-0 8. h3 Bb7 9. d3 d6 10. c3 Na5 11. Bc2 c5 12. Nbd2 Qc7 13. Nf1 Rfe8 14. Ng3 Bf8 15. Nh2 d5 16. Ng4 Nxg4 17. hxg4 Rad8 18. Qf3 c4 19. dxc4 dxc4 20. Nf5 Nc6 21. g3 Nb8 22. Kg2 Nd7 23. Rh1 Nc5 24. b4 Nd3 25. Nxg7 Bxg7 26. Qf5 Qc6 27. Qxh7+ Kf8 28. Bxd3 cxd3 0-1

[Event "CAN-ch"]
[Site "Baie Comeau"]
[Date "1987.06.??"]
[Round "2"]
[White "Barbeau, Sylvain"]
[Black "Hartman, Brian"]
[Result "0-1"]
[WhiteElo "2330"]
[BlackElo "2340"]
[PlyCount "68"]
[EventDate "1987.06.??"]
[EventType "tourn"]
[EventRounds "9"]
[EventCountry "CAN"]
[EventCategory "2"]
[SourceTitle "EXT 2002"]
[Source "ChessBase"]
[SourceDate "2001.11.25"]
[SourceVersion "1"]
[SourceVersionDate "2001.11.25"]
[SourceQuality "1"]

1. d4 Nf6 2. c4 c5 3. d5 b5 4. cxb5 a6 5. e3 g6 6. Nc3 Bg7 7. Nf3 0-0 8. a4 Bb7 9. Rb1 e6 10. dxe6 fxe6 11. Be2 axb5 12. axb5 Ne4 13. Bd2 Nxd2 14. Qxd2 d5 15. 0-0 Nd7 16. Rfc1 d4 17. exd4 cxd4 18. Nxd4 Rxf2 19. Nc6 Qb6 20. Kh1 Bxc6 21. bxc6 Qxc6 22. Rg1 Rb8 23. Qe3 Qb6 24. Qxb6 Rxb6 25. Bg4 h5 26. Bh3 Nc5 27. Nd1 Re2 28. b4 Bd4 29. Rf1 Ne4 30. Rc1 e5 31. g3 Nd2 32. Rc2 Rxb4 33. Be6+ Kg7 34. Rf7+ Kh6 0-1